000 00576nam a2200241Ia 4500
003 OSt
005 20221005125528.0
006 a|||||r|||| 00| 0
007 ta
008 221004b |||||||| |||| 00| 0 eng d
024 _a121030
037 _cTextual
040 _aCRL
_cCRL
_beng
041 _2eng
_aeng
082 _aA:(R), K6
100 _aHempel Carl G
245 0 _aPhilosophy of natural science
260 _c1966
300 _a116p.
_ccm.
650 _aSCIENCE
942 _hA:(R), K6
_cTEXL
_2cc
999 _c1054282
_d1054282